000 00364nam a2200133Ia 4500
005 20260328104332.0
008 260328s9999||||xx |||||||||||||| ||und||
100 _aSandy, Heather
245 4 _aThe New Architecrure of Wine :
_b 25 Spectacular California Wineries /
_cHeather Sandy
260 _bGibbs Smith
300 _a288 p.
650 _aCULTURA
942 _cBK
999 _c11761
_d11761